Paroles "Santiano" - Hugues Aufray - Statistiques

Statistiques générales
  • Ce quiz a été pris 444 fois
  • Le résultat moyen est 134 sur 182
Statistiques - réponses
Paroles % Correct
San
97%
un
97%
Un
97%
C'est
96%
fameux
96%
Santiano !
96%
comme
93%
d'y
92%
D'y
92%
Je
90%
je
90%
la
90%
le
90%
et
89%
de
88%
fin
88%
oiseau
88%
trois-mâts
86%
haut
85%
tonneaux
84%
Hissez
83%
matelot
83%
bon
82%
fier
82%
quatre cents
82%
suis
82%
Tiens
82%
tiens
82%
vent
82%
être
81%
Francisco
81%
Dix-huit
80%
à
79%
A
79%
jusqu'à
78%
Nous
78%
irons
77%
noeuds
77%
Margot
76%
en
75%
Saint-Malo
72%
Si
72%
coeur
71%
Dieu
70%
les
70%
devant
69%
droit
69%
gros
69%
toujours
69%
veut
69%
laissant
67%
vague
67%
pars
66%
pour
66%
mois
65%
longs
64%
penser
62%
feux
59%
j'avais
56%
jour
56%
J'en
53%
reviendrai
53%
au
51%
Au
51%
flot
51%
l'anneau
51%
On
51%
passerai
51%
son
51%
cadeaux
50%
doigt
50%
que
49%
chargé
48%
des
48%
coule
47%
doublant
47%
là-bas
46%
lingots
46%
l'argent
45%
qui
45%
voir
45%
j'irai
44%
plusieurs
44%
flots
43%
ramènerai
43%
fond
42%
l'or
42%
ruisseaux
41%
trouve
41%
mer
40%
pays
37%
prétend
34%
cap
33%
dos
31%
Sur
31%
fait
29%
Aucun quiz correspondant
Distribution des résultats
% des personnes avec chaque résultat
Percentile par nombre de réponses
Votre historique - résultats
Vous n’avez pas pris ce quiz